01211nam a2200265 i 4500001001000000003000900010005001700019007000300036008004100039040003000080082002300110100003400133245004800167250003000215264006200245300002200307336002700329337003300356338002800389500004000417500007300457500003400530505035200564650002900916000019759DO-SdBNP20240305125231.0ta100705s1969 ck a r 000 f spa d aDO-SdBNPbspacBNPHUerda 4a344.895bF375d2221 a Ferrari, Francisco deeautor10aDerecho del trabajo /cFrancisco de Ferrari a2a. edición actualizada aBuenos Aires, Argentina :bEdiciones de Palma,c1968-1969 a4 volumenc24 cm. 2rdacontentatextobtxt 2rdamediaasin mediaciónbn 2rdacarrieravolumenbnc aLa Biblioteca posee el v.1 y el v.2 aIncluye referencias bibliográficas y notas al pie de las páginas aLa biblioteca posee v.1 y v.2 av.1.tTeoría y nociones generales del derecho del trabajo.--gv.2.tDe las relaciones individuales del trabajo, formación, suspensión y extinción de los contratos.--gv.3.t La relación del trabajo; su reglamentación.--gv.4.t Las relaciones colectivas; La empresa, los convenios colectivos, las asociaciones profesionales, la huelga. aDerecho laboralzUruguay